00808na a2200181 450000100060000000300080000600500170001400800410003103500100007204000250008204100130010708200270012024503080014726000210045530000170047660000690049360000640056222591MIRAKIL20181213155037.0170217b tu 000 0  a14615 aMilasbturcTR-AnCHP aturafre aATA 956.1024bG39 1931 aGazi Mustafa Kemal Hazretlerinin ikinci Balkan Konferansı delegelerine T.B.M. Meclisinde irat ettikleri nutuk = Discours prononce pr S.E. Gazli Moustafa Kemalb26 Birinci teşrin 1931, Pazartesi = a la seance de cloture de la LLeme Conference Balkanique tenue a la Grande Assemble Nationale de Turquie a[Ankara]c[1931] a8 s.c24 sm. aAtatürk, Mustafa KemalxKonuşmalar, 1931yBalkan Konferansı aAtatürk, Mustafa Kemald1881-1938xSöylev ve demeçler